| 000 | 00606cam a22002052a 4500 | ||
|---|---|---|---|
| 001 | 016226 | ||
| 003 | AR-FADEU | ||
| 008 | 311216n1958####xxu####################dd | ||
| 092 |
_aA868.2 _bS246v |
||
| 100 | _aSarmiento, Domingo Faustino | ||
| 245 | _aViajes | ||
| 260 | _aBuenos Aires | ||
| 260 | _bHachette | ||
| 260 | _c1958 | ||
| 300 | _a3 v | ||
| 440 | _aEl pasado argentino | ||
| 500 | _aTomo 1. De Valparaíso a París. Inv. 8882 -- Tomo 2. España e Italia. Inv. 8881 -- Tomo 3. Estados Unidos. Inv. 14102 | ||
| 650 | _aLITERATURA ARGENTINA-SIGLO XIX; CRONICAS/REVISADO/ | ||
| 942 | _cBDGR | ||
| 999 |
_c21984 _d21984 |
||